| 000 | 00447nam a22001697a 4500 | ||
|---|---|---|---|
| 003 | OSt | ||
| 008 | 250122b |||||||| |||| 00| 0 eng d | ||
| 041 | _aeng | ||
| 082 |
_a621.371 _bRAN/IN |
||
| 100 |
_aRangan,CS _96976 |
||
| 245 |
_aInstrumentation: _bDevices and Systems |
||
| 250 | _a3rd Reprint | ||
| 260 |
_aNew Delhi: _bTata McGraw-Hill Publishing CoLtd, _c1985. |
||
| 300 | _a529p. | ||
| 700 |
_aSarma, GR and Mani, VSV _96977 |
||
| 942 | _cBK | ||
| 999 |
_c19103 _d19103 |
||